Wes Anderson Collaborators by Picture - Statistics

General Stats
  • This quiz has been taken 45 times
  • The average score is 17 of 21
Answer Stats
Picture Answer % Correct
Benedict Cumberbatch
98%
Owen Wilson
98%
Scarlett Johansson
98%
Adrien Brody
93%
Natalie Portman
93%
George Clooney
90%
Margot Robbie
90%
Meryl Streep
90%
Tom Hanks
90%
Edward Norton
88%
Ben Stiller
85%
Gwyneth Paltrow
85%
Jeff Goldblum
85%
Bill Murray
83%
Bryan Cranston
80%
Cate Blanchett
76%
Tilda Swinton
71%
Ben Kingsley
59%
Bruce Willis
59%
Gene Hackman
59%
Michael Caine
54%
No matching quizzes found
Score Distribution
Percent of People with Each Score
Percentile by Number Answered
Your Score History
You have not taken this quiz